| 000 | 00752pam a2200253 a 4500 | ||
|---|---|---|---|
| 001 | 3123 | ||
| 005 | 20240207141506.0 | ||
| 020 | _a9780590486156 | ||
| 040 |
_aDLC _cDLC _dDLC _beng |
||
| 050 | 0 | 0 | _aPZ73.G587 |
| 082 | 0 | 0 | _a823.914 |
| 100 | 1 | _aGomi, TarÅ | |
| 245 | 1 | 0 |
_aMy friends / _cby Gomi, Taro |
| 260 |
_aNew York : _bScholastic , _c1989 |
||
| 300 |
_a32 pages : _bcolor illustrations ; _c23 cm. |
||
| 505 | _aJ | ||
| 520 | _aA little girl learns to walk, climb, and study the earth from her friends, most of whom are animals. | ||
| 521 |
_a470
_bLexile |
||
| 521 |
_aJ
_bRaz-Plus |
||
| 650 | 1 |
_aGrowth _xFiction. |
|
| 650 | 1 |
_aAnimals _xFiction. |
|
| 906 |
_a7 _bcbc _corignew _d1 _eocip _f19 _gy-gencatlg |
||
| 942 |
_2ddc _cBK _n0 |
||
| 999 |
_c3123 _d3123 |
||